000 00721nam a2200217Ia 4500
001 10906
003 GE_BSU
008 181216s||||||||xx |||||||||||||| ||und||
040 _cGE_BSU
080 _a031(=161.1)
245 _aЭнциклопедический словарь
245 _bТ.6а=: Винословие-Волань.
245 _cПодь Ред: К.К. Арсеньева, О.О. Петрушевскаго.
260 _aС.-Петербургь
260 _bТиро-Литография
260 _c1892.
300 _a944стр,илл,24см.
520 _aИзд: Ф.А.Брокгаузь,И.А.Ефронь.
653 _aЭнциклопедический словарь
942 _cBK
999 _c44148
_d44148